000 00694nas a2200241 4500
001 BR9511789
003 BR-BrBNA
005 20231205094612.0
007 ta
008 230509b bl.|||p| |||| 00| 00por d
040 _aBR-BrBNA
_bpor
_cBiblioteca Nacional de Agricultura
041 _a(Pt)
072 _aQ02
100 1 _aAnon.
245 1 _aCarne de cavalo e muito usada na fabricacao de salsichas e salames
650 _aCavalo
650 _aCarne
650 _aSalsicha
650 _aIndustria Alimenticia
773 0 _tAgricultura e Pecuaria (Brazil)
_xISSN 0100-249x
_g(Sep 1975), n. 603 p. 36-37
_wBR9511789
909 _a202311
_bLúcia
_c55
_dLúcia Elande
942 _2AGRIS
_n0
_cANA
999 _c145576
_d145576